000 00697nam a2200229 a 4500
001 13793
003 BD-JhCC
005 20240322112839.0
008 240322b20212023b |||| ||a| 000 0 b d
020 _a9789845101486
035 _a(BD-JhCC)13793
040 _aBD-JhCC
_dBD-JhCC
041 _aben
082 _a891.443
_bJAL 2023
100 _a জলদাস, হরিশংকর
245 _aকুন্তীর বস্ত্রহরণ /
_b হরিশংকর জলদাস
260 _aঢাকা:
_bকথাপ্রকাশ;
_c2023.
300 _a119 p. :
_c22 cm.
650 _a ঐতিহাসিক উপন্যাস
942 _2ddc
_cBK
999 _c13793
_d13793